[Event "Brasilia Oeste op"]
[Site "Brasilia"]
[Date "2012.10.14"]
[Round "7"]
[White "Sales Filho, Espedito Severiano"]
[Black "Soares, Estevao Luiz"]
[Result "0-1"]
[WhiteElo "2053"]
[BlackElo "1975"]
[PlyCount "102"]
[EventDate "2012.10.11"]
[EventType "swiss"]
[EventRounds "7"]
[EventCountry "BRA"]
[SourceTitle "EXT 2013"]
[Source "ChessBase"]
[SourceDate "2012.11.22"]
[SourceVersion "1"]
[SourceVersionDate "2012.11.22"]
[SourceQuality "1"]

1. d4 Nf6 2. Bf4 g6 3. e3 Bg7 4. Nf3 d6 5. Bc4 Nbd7 6. 0-0 0-0 7. Re1 c5 8. c3 b6 9. Nbd2 Bb7 10. Qe2 a6 11. a4 Ra7 12. h3 Qa8 13. Rad1 Ne4 14. Nxe4 Bxe4 15. d5 Nf6 16. Qd2 b5 17. axb5 axb5 18. Bxb5 Bxd5 19. Qe2 Ra2 20. Bd3 Ne4 21. Bxe4 Bxe4 22. Rd2 Qb7 23. Qc4 Bxf3 24. Qxa2 Bxg2 25. Kh2 g5 26. Bg3 h5 27. f4 gxf4 28. exf4 Be4 29. Qc4 d5 30. Qe2 h4 31. Bxh4 e5 32. Qg4 f5 33. Qg3 exf4 34. Qxf4 Kh7 35. Bg5 d4 36. cxd4 Bxd4 37. Qh4+ Kg8 38. Bf4 Rf7 39. Qd8+ Rf8 40. Qg5+ Qg7 41. Qxg7+ Kxg7 42. Be3 Be5+ 43. Kg1 Rh8 44. Rd7+ Kf6 45. Ra1 Ke6 46. Raa7 Rxh3 47. Bxc5 Rh1+ 48. Kf2 Rh2+ 49. Kf1 Bg3 50. Re7+ Kd5 51. Bg1 Bd3+ 0-1

[Event "Brasilia op"]
[Site "Brasilia"]
[Date "2012.??.??"]
[Round "1"]
[White "Sales Filho, Espedito Severiano"]
[Black "Maciel, Diogo Alves"]
[Result "1-0"]
[WhiteElo "2069"]
[BlackElo "1575"]
[PlyCount "67"]
[EventDate "2012.09.06"]
[EventType "swiss"]
[EventRounds "6"]
[EventCountry "BRA"]
[SourceTitle "CBM 150 Extra"]
[Source "ChessBase"]
[SourceDate "2012.10.19"]
[SourceVersion "1"]
[SourceVersionDate "2012.10.19"]
[SourceQuality "1"]

1. Nf3 Nf6 2. d4 g6 3. Bf4 Bg7 4. e3 0-0 5. Nbd2 d6 6. Bc4 Nbd7 7. 0-0 c6 8. a4 Nb6 9. Bb3 Nfd5 10. Bg5 h6 11. Bh4 Bd7 12. a5 Nc8 13. e4 Nc7 14. e5 dxe5 15. Nxe5 Be6 16. Ndc4 g5 17. Bg3 Nd6 18. Nxd6 exd6 19. Nc4 Bxc4 20. Bxc4 d5 21. Bd3 Bxd4 22. Bh7+ Kxh7 23. Qxd4 Qd7 24. f4 f5 25. fxg5 hxg5 26. Rae1 Nb5 27. Qd3 Rad8 28. Be5 Kg6 29. g4 c5 30. c3 Rf7 31. Qh3 fxg4 32. Qd3+ Rf5 33. Rxf5 Qxf5 34. Qxb5 1-0

[Event "BRA-ch sf"]
[Site "Brasilia"]
[Date "2011.10.31"]
[Round "5"]
[White "Sales Filho, Espedito Severiano"]
[Black "Silva, Agnaldo Braga"]
[Result "1-0"]
[WhiteElo "2076"]
[BlackElo "1884"]
[PlyCount "81"]
[EventDate "2011.10.29"]
[EventType "swiss"]
[EventRounds "8"]
[EventCountry "BRA"]
[SourceTitle "EXT 2012"]
[Source "ChessBase"]
[SourceDate "2011.11.24"]
[SourceVersion "1"]
[SourceVersionDate "2011.11.24"]
[SourceQuality "1"]

1. Nf3 d5 2. d4 Nf6 3. Bf4 e6 4. e3 Bd6 5. Ne5 c5 6. Bb5+ Ke7 7. c3 a6 8. Bd3 Nbd7 9. Nxf7 Kxf7 10. Bxd6 Qb6 11. Bxc5 Nxc5 12. dxc5 Qxc5 13. Nd2 b5 14. a3 Bb7 15. Nf3 Rhf8 16. Ne5+ Kg8 17. 0-0 Rad8 18. Qe2 Qd6 19. f4 Nd7 20. Qh5 Nf6 21. Qh4 Rc8 22. Rad1 Qc5 23. Rde1 Rc7 24. Rf3 a5 25. Rh3 h6 26. Qg3 Kh8 27. Ng6+ Kg8 28. Nxf8 Kxf8 29. Qg6 b4 30. axb4 axb4 31. Rxh6 gxh6 32. Qxf6+ Rf7 33. Qxh6+ Ke7 34. Qg5+ Kf8 35. Qe5 bxc3 36. bxc3 Qc6 37. Qd4 Qc7 38. Qh8+ Ke7 39. Bg6 Kd6 40. Qe5+ Kc6 41. Qxe6+ 1-0

[Event "BRA-ch sf"]
[Site "Brasilia"]
[Date "2011.10.29"]
[Round "2"]
[White "Gisclan, Heverton"]
[Black "Sales Filho, Espedito Severiano"]
[Result "1-0"]
[WhiteElo "2238"]
[BlackElo "2076"]
[PlyCount "137"]
[EventDate "2011.10.29"]
[EventType "swiss"]
[EventRounds "8"]
[EventCountry "BRA"]
[SourceTitle "EXT 2012"]
[Source "ChessBase"]
[SourceDate "2011.11.24"]
[SourceVersion "1"]
[SourceVersionDate "2011.11.24"]
[SourceQuality "1"]

1. e4 c6 2. d4 d5 3. Nc3 dxe4 4. Nxe4 Nf6 5. Nxf6+ gxf6 6. c3 Bf5 7. Nf3 e6 8. g3 Qd5 9. Bg2 Qb5 10. b3 Qd3 11. Bb2 Bh6 12. Nh4 Qxd1+ 13. Kxd1 Bg4+ 14. f3 Bh5 15. Re1 Nd7 16. Nf5 Bf8 17. Ne3 0-0-0 18. Ke2 Rg8 19. Kf2 Bd6 20. b4 f5 21. Nc4 Bc7 22. f4 Nf6 23. a4 Bg6 24. b5 Ne4+ 25. Bxe4 fxe4 26. bxc6 bxc6 27. Ba3 f6 28. Be7 Rd5 29. Bxf6 Kd7 30. Ke3 c5 31. Rab1 Kc6 32. Be5 Rf8 33. Rb2 Bb6 34. Nxb6 axb6 35. Reb1 Rc8 36. Rxb6+ Kd7 37. Rb7+ Ke8 38. Rb8 Rdd8 39. Rxc8 Rxc8 40. Rb3 Ra8 41. Ra3 Kd7 42. g4 Kc6 43. h4 h6 44. h5 Bh7 45. Bg7 Rb8 46. Bxh6 Rb1 47. Ra2 Kb6 48. g5 Bf5 49. g6 Rh1 50. g7 Bh7 51. Rb2+ Ka6 52. Rb8 Rh3+ 53. Ke2 Rxh5 54. g8Q Bxg8 55. Rxg8 Rxh6 56. Ke3 Rh1 57. Rg6 Re1+ 58. Kf2 Rd1 59. Rxe6+ Ka5 60. Rxe4 Kxa4 61. f5 Rb1 62. f6 Rb8 63. Kf3 cxd4 64. cxd4 Kb4 65. f7 Rf8 66. Rf4 Kb5 67. Kg4 Kc6 68. Kg5 Kd7 69. Kg6 1-0

[Event "BRA-ch sf"]
[Site "Brasilia"]
[Date "2011.10.29"]
[Round "1"]
[White "Sales Filho, Espedito Severiano"]
[Black "Fontella, Amanda Karsburg"]
[Result "1-0"]
[WhiteElo "2076"]
[BlackElo "1755"]
[PlyCount "49"]
[EventDate "2011.10.29"]
[EventType "swiss"]
[EventRounds "8"]
[EventCountry "BRA"]
[SourceTitle "EXT 2012"]
[Source "ChessBase"]
[SourceDate "2011.11.24"]
[SourceVersion "1"]
[SourceVersionDate "2011.11.24"]
[SourceQuality "1"]

1. Nf3 d5 2. d4 Nf6 3. Bf4 c5 4. e3 Qb6 5. Qc1 Nc6 6. c3 Bf5 7. Be2 e6 8. Nbd2 c4 9. 0-0 Nh5 10. Bg5 Bd6 11. e4 Bxe4 12. Nxe4 dxe4 13. Nd2 Nf4 14. Bxc4 Nd3 15. Bxd3 exd3 16. Nc4 Qc7 17. Nxd6+ Qxd6 18. Qd2 0-0 19. Qxd3 e5 20. Qh3 Rae8 21. Rfe1 Re6 22. dxe5 Rxe5 23. Rxe5 Nxe5 24. Re1 Re8 25. f4 1-0

[Event "Brazil Xadrez Brasil op"]
[Site "Brazil"]
[Date "2010.11.14"]
[Round "5"]
[White "Sales Filho, Espedito Severiano"]
[Black "Abrantes, Tiago Garrido"]
[Result "0-1"]
[WhiteElo "2087"]
[BlackElo "1613"]
[PlyCount "86"]
[EventDate "2010.11.12"]
[EventType "swiss"]
[EventRounds "7"]
[EventCountry "BRA"]
[SourceTitle "EXT 2013"]
[Source "ChessBase"]
[SourceDate "2012.11.22"]
[SourceVersion "1"]
[SourceVersionDate "2012.11.22"]
[SourceQuality "1"]

1. Nf3 Nf6 2. d4 g6 3. Bg5 Bg7 4. Nbd2 0-0 5. e4 d6 6. Bd3 c6 7. a4 Qc7 8. 0-0 Nbd7 9. Re1 e5 10. dxe5 dxe5 11. Qe2 a5 12. Rad1 Nc5 13. b3 b6 14. Bc4 Rb8 15. Qe3 Ne6 16. Bxe6 Bxe6 17. h3 Nh5 18. Bh6 f6 19. Bxg7 Kxg7 20. Nf1 Nf4 21. Ng3 Qe7 22. Ne2 Nxe2+ 23. Rxe2 b5 24. axb5 cxb5 25. Red2 a4 26. Rd6 Rfc8 27. Ra6 a3 28. Rdd6 a2 29. Qd2 Ra8 30. Qa5 Qxd6 31. Rxa8 Rxa8 32. Qxa8 Qd1+ 33. Kh2 a1Q 34. Qb7+ Qd7 35. Qb8 Qc3 36. h4 Qcd2 37. h5 Qf4+ 38. g3 Qxf3 39. h6+ Kxh6 40. Qf8+ Kg5 41. Qc5 Qh5+ 42. Kg2 Bh3+ 43. Kh2 Bg4+ 0-1

[Event "Brazil Xadrez Brasil op"]
[Site "Brazil"]
[Date "2010.11.12"]
[Round "1"]
[White "Sales Filho, Espedito Severiano"]
[Black "Barbosa, Edinardo Meireles"]
[Result "1-0"]
[WhiteElo "2087"]
[BlackElo "1597"]
[PlyCount "89"]
[EventDate "2010.11.12"]
[EventType "swiss"]
[EventRounds "7"]
[EventCountry "BRA"]
[SourceTitle "EXT 2013"]
[Source "ChessBase"]
[SourceDate "2012.11.22"]
[SourceVersion "1"]
[SourceVersionDate "2012.11.22"]
[SourceQuality "1"]

1. Nf3 d5 2. d4 e6 3. Bf4 Bd6 4. Bg3 Bxg3 5. hxg3 Nf6 6. e3 Nc6 7. c3 Bd7 8. Bd3 Qe7 9. a4 e5 10. dxe5 Nxe5 11. Nxe5 Qxe5 12. Nd2 0-0-0 13. a5 Rde8 14. Nf3 Qe7 15. Qc2 h6 16. b4 g6 17. b5 Ne4 18. Bxe4 Qxe4 19. Qxe4 Rxe4 20. Nd4 h5 21. Kd2 Rhe8 22. Rab1 b6 23. Ra1 Kb7 24. Ra3 c5 25. bxc6+ Bxc6 26. axb6 axb6 27. Rha1 Kc7 28. Ra7+ Bb7 29. Nb5+ Kc6 30. Nd6 Kxd6 31. Rxb7 Ke6 32. Rxb6+ Ke7 33. Ra5 Re5 34. Rb7+ Kf6 35. Raa7 R8e7 36. Rxe7 Rxe7 37. Rxe7 Kxe7 38. Kd3 Kd6 39. Kd4 f6 40. e4 dxe4 41. Kxe4 Kc5 42. Kd3 Kd5 43. c4+ Kc5 44. Kc3 g5 45. f4 1-0

[Event "Dos Hermanas Internet qual-E 10th"]
[Site "ICC INT"]
[Date "2009.03.15"]
[Round "4"]
[White "Sales Filho, Espedito Severiano"]
[Black "Bodiroga, Predrag"]
[Result "0-1"]
[WhiteElo "2087"]
[BlackElo "2425"]
[PlyCount "106"]
[EventDate "2009.03.15"]
[EventType "swiss (blitz)"]
[EventRounds "12"]
[EventCountry "ESP"]
[SourceTitle "CBM 129 Extra"]
[Source "ChessBase"]
[SourceDate "2009.05.05"]
[SourceVersion "2"]
[SourceVersionDate "2009.05.20"]
[SourceQuality "1"]

1. Nf3 Nf6 2. d4 e6 3. Bf4 d5 4. e3 Bd6 5. Bg5 h6 6. Bh4 c5 7. c3 Nbd7 8. Bd3 Qc7 9. Nbd2 0-0 10. 0-0 b6 11. Qe2 Bb7 12. Rfe1 e5 13. dxe5 Bxe5 14. Nxe5 Qxe5 15. Bg3 Qe7 16. Rad1 Rfe8 17. Bb1 Rad8 18. Nf3 Ne4 19. Bh4 g5 20. Bg3 Nxg3 21. hxg3 Nf6 22. Qc2 Ne4 23. Nd2 f5 24. Nxe4 fxe4 25. a3 Rf8 26. Rd2 Qe5 27. Red1 Rde8 28. Ba2 c4 29. b3 b5 30. a4 a6 31. axb5 axb5 32. bxc4 bxc4 33. Rb1 Rf7 34. Rb6 Ref8 35. Rxh6 Kg7 36. Rb6 g4 37. Qd1 Qh5 38. Rxb7 Rxb7 39. Rxd5 Qg6 40. Rd6 Qh5 41. Rd5 Rf5 42. Bxc4 Rxd5 43. Bxd5 Rd7 44. c4 Qf5 45. Qa4 Re7 46. Qa8 Qe5 47. Qg8+ Kh6 48. Qxg4 Qa1+ 49. Kh2 Rh7 50. f3 exf3 51. gxf3 Qb2+ 52. Kh3 Qc1 53. Be4 Qh1# 0-1

[Event "Dos Hermanas Internet qual-D 10th"]
[Site "ICC INT"]
[Date "2009.03.14"]
[Round "1"]
[White "Kleiman, Jake"]
[Black "Sales Filho, Espedito Severiano"]
[Result "1-0"]
[WhiteElo "2314"]
[BlackElo "2087"]
[PlyCount "59"]
[EventDate "2009.03.14"]
[EventType "swiss (blitz)"]
[EventRounds "12"]
[EventCountry "ESP"]
[SourceTitle "EXT 2010"]
[Source "ChessBase"]
[SourceDate "2010.11.25"]
[SourceVersion "1"]
[SourceVersionDate "2010.11.25"]
[SourceQuality "1"]

1. e4 c6 2. d4 d5 3. exd5 cxd5 4. c4 Nc6 5. Nc3 Nf6 6. Bg5 e6 7. Nf3 Be7 8. cxd5 Nxd5 9. Nxd5 Qxd5 10. Bxe7 Nxe7 11. Bd3 Nc6 12. 0-0 0-0 13. Re1 Qh5 14. Be4 Bd7 15. d5 exd5 16. Bxd5 Rad8 17. Be4 Bf5 18. Qb3 Bxe4 19. Rxe4 Rd7 20. h3 Rfd8 21. Rae1 h6 22. a3 Qg6 23. R1e3 Rd1+ 24. Kh2 Qd6+ 25. g3 b6 26. Qc2 Nd4 27. Re8+ Rxe8 28. Rxe8+ Qf8 29. Rxf8+ Kxf8 30. Qxd1 1-0

[Event "Brasiliense-ch 47th"]
[Site "Brasilia"]
[Date "2007.10.24"]
[Round "6.6"]
[White "Barbosa, Simael Vieira"]
[Black "Sales Filho, Espedito Severiano"]
[Result "1-0"]
[WhiteElo "1838"]
[BlackElo "2110"]
[PlyCount "105"]
[EventDate "2007.10.24"]
[EventType "swiss"]
[EventRounds "7"]
[EventCountry "BRA"]
[SourceTitle "EXT 2022"]
[Source "ChessBase"]
[SourceDate "2021.10.06"]
[SourceVersion "1"]
[SourceVersionDate "2021.10.06"]
[SourceQuality "1"]

1. e4 c6 2. d4 d5 3. Nc3 dxe4 4. Nxe4 Nf6 5. Nxf6+ gxf6 6. c3 Bf5 7. Nf3 e6 8. g3 Be4 9. Bg2 f5 10. 0-0 Bd6 11. Ng5 Bxg2 12. Qh5 Qf6 13. Kxg2 Qg6 14. Qe2 Nd7 15. c4 h6 16. Nh3 Qg4 17. f3 Qg7 18. d5 cxd5 19. cxd5 e5 20. b3 Rc8 21. Bb2 0-0 22. Rfe1 f6 23. Rac1 h5 24. Nf4 Qf7 25. Ne6 Rfe8 26. g4 Qg6 27. Kh1 hxg4 28. Rg1 Kf7 29. fxg4 f4 30. g5 f5 31. Qb5 Nb6 32. a4 Nxd5 33. Qd7+ Ne7 34. Qxd6 Qxe6 35. g6+ Nxg6 36. Qxe6+ Rxe6 37. Rxc8 f3 38. Rc7+ Ke8 39. Rxb7 e4 40. Rc1 Ne7 41. Rcc7 e3 42. Rxe7+ Rxe7 43. Rxe7+ Kxe7 44. Kg1 Ke6 45. Bd4 f4 46. Bxa7 Kf5 47. a5 Ke4 48. Bc5 Kd3 49. Kf1 Kd2 50. Bb4+ Kd1 51. a6 Kc2 52. a7 Kxb3 53. a8Q 1-0

[Event "Brasiliense-ch 47th"]
[Site "Brasilia"]
[Date "2007.10.24"]
[Round "4.5"]
[White "Cardoso, Cicero Assuncao Jr"]
[Black "Sales Filho, Espedito Severiano"]
[Result "0-1"]
[WhiteElo "1863"]
[BlackElo "2110"]
[PlyCount "186"]
[EventDate "2007.10.24"]
[EventType "swiss"]
[EventRounds "7"]
[EventCountry "BRA"]
[SourceTitle "EXT 2022"]
[Source "ChessBase"]
[SourceDate "2021.10.06"]
[SourceVersion "1"]
[SourceVersionDate "2021.10.06"]
[SourceQuality "1"]

1. Nf3 d5 2. g3 Nf6 3. Bg2 Bf5 4. 0-0 e6 5. d3 Be7 6. c4 c6 7. cxd5 exd5 8. Nbd2 0-0 9. Nh4 Bg4 10. h3 Bd7 11. e4 dxe4 12. dxe4 Be6 13. Qc2 Qc8 14. Kh2 Na6 15. a3 Nd7 16. Nhf3 Qc7 17. Nd4 Qd6 18. Nxe6 Qxe6 19. Nf3 Bf6 20. Ng5 Qe5 21. f4 Qc5 22. Qd3 Qd4 23. Qxd4 Bxd4 24. Nf3 Bb6 25. b4 Rfe8 26. Re1 Nf6 27. e5 Nd5 28. Bb2 Ne3 29. Re2 Rad8 30. Rd2 Nc4 31. Rc2 Nxb2 32. Rxb2 Rd3 33. Rd2 Rxd2 34. Nxd2 Rd8 35. Nc4 Bc7 36. Ra2 b5 37. Nd2 c5 38. bxc5 Nxc5 39. Ne4 Ne6 40. Rc2 Bb6 41. Nd6 Nd4 42. Rb2 Bc5 43. Nxb5 Rb8 44. a4 a6 45. Nxd4 Rxb2 46. Nc6 Kf8 47. h4 Ra2 48. a5 Be3 49. Kh3 h5 50. f5 Ra3 51. Kh2 Bf2 52. Bf1 Bxg3+ 53. Kg2 Bxh4 54. Bxa6 Be1 55. Be2 Bxa5 56. Bxh5 Bc7 57. e6 fxe6 58. fxe6 Rg3+ 59. Kf2 g6 60. Bf3 Rg5 61. Be4 Bd6 62. Kf3 Rg3+ 63. Kf2 Rc3 64. e7+ Bxe7 65. Nxe7 Kxe7 66. Bxg6 Kf6 67. Bh7 Ke5 68. Ke2 Kd4 69. Bf5 Rb3 70. Bg6 Rb7 71. Bf5 Kc3 72. Ke3 Re7+ 73. Kf4 Kd4 74. Bg6 Rg7 75. Bh5 Rc7 76. Bg6 Re7 77. Bc2 Rf7+ 78. Kg5 Ke5 79. Kg6 Rc7 80. Ba4 Kf4 81. Kf6 Ra7 82. Bb5 Rb7 83. Bf1 Rb6+ 84. Ke7 Ke5 85. Bg2 Rg6 86. Bf1 Rg7+ 87. Kf8 Kf6 88. Ke8 Re7+ 89. Kd8 Ke6 90. Bb5 Kd6 91. Bf1 Rf7 92. Bb5 Rf8+ 93. Be8 Rh8 0-1

[Event "Brasiliense-ch 47th"]
[Site "Brasilia"]
[Date "2007.10.24"]
[Round "1.10"]
[White "Mendonca, Paulo Roberto"]
[Black "Sales Filho, Espedito Severiano"]
[Result "0-1"]
[WhiteElo "2110"]
[BlackElo "2110"]
[PlyCount "36"]
[EventDate "2007.10.24"]
[EventType "swiss"]
[EventRounds "7"]
[EventCountry "BRA"]
[SourceTitle "EXT 2022"]
[Source "ChessBase"]
[SourceDate "2021.10.06"]
[SourceVersion "1"]
[SourceVersionDate "2021.10.06"]
[SourceQuality "1"]

1. e4 c6 2. d4 d5 3. exd5 cxd5 4. c3 Nc6 5. Bf4 Bf5 6. Bd3 Bxd3 7. Qxd3 Nf6 8. Nf3 e6 9. Nbd2 Be7 10. 0-0 0-0 11. Ng5 h6 12. Ngf3 a6 13. a4 Rc8 14. Ne5 Bd6 15. Qg3 Nh5 16. Nxc6 Rxc6 17. Qg4 Nxf4 18. Nf3 f5 0-1

[Event "Brasiliense-ch 47th"]
[Site "Brasilia"]
[Date "2007.10.24"]
[Round "7.7"]
[White "Sales Filho, Espedito Severiano"]
[Black "Rocha, Tarciso"]
[Result "1/2-1/2"]
[WhiteElo "2110"]
[BlackElo "1959"]
[PlyCount "85"]
[EventDate "2007.10.24"]
[EventType "swiss"]
[EventRounds "7"]
[EventCountry "BRA"]
[SourceTitle "EXT 2022"]
[Source "ChessBase"]
[SourceDate "2021.10.06"]
[SourceVersion "1"]
[SourceVersionDate "2021.10.06"]
[SourceQuality "1"]

1. d4 Nf6 2. Nf3 e6 3. Bf4 d5 4. e3 c5 5. c3 cxd4 6. exd4 Be7 7. Ne5 0-0 8. Nd2 Nbd7 9. Bd3 Re8 10. g4 g6 11. h4 Nxe5 12. dxe5 Nd7 13. Nf3 Nc5 14. Bc2 b6 15. g5 Ne4 16. Nd4 Bb7 17. f3 Nc5 18. Qe2 Ba6 19. Qh2 Nd3+ 20. Bxd3 Bxd3 21. 0-0-0 Bf5 22. h5 Bxg5 23. Nxf5 exf5 24. hxg6 Bxf4+ 25. Qxf4 fxg6 26. Qh6 Qe7 27. Rxd5 Rad8 28. Qd2 Rxd5 29. Qxd5+ Qe6 30. Qb7 Re7 31. Qa8+ Kg7 32. f4 Qxa2 33. Qc6 Qe6 34. Qg2 Rd7 35. Qg5 Qe7 36. Qh6+ Kg8 37. Rd1 Rxd1+ 38. Kxd1 Qe6 39. Kc2 a5 40. Qh1 h5 41. Qa8+ Kg7 42. Qb7+ Kg8 43. Qb8+ 1/2-1/2

[Event "Brasilia Taca CC XI"]
[Site "Brasilia"]
[Date "2007.08.11"]
[Round "9.4"]
[White "Lucena, Lincoln"]
[Black "Sales Filho, Espedito Severiano"]
[Result "1-0"]
[WhiteElo "2187"]
[BlackElo "2057"]
[PlyCount "79"]
[EventDate "2007.08.05"]
[EventType "swiss"]
[EventRounds "10"]
[EventCountry "BRA"]
[SourceTitle "EXT 2022"]
[Source "ChessBase"]
[SourceDate "2021.10.06"]
[SourceVersion "1"]
[SourceVersionDate "2021.10.06"]
[SourceQuality "1"]

1. d4 f5 2. Nc3 Nf6 3. Bg5 e6 4. Bxf6 Qxf6 5. e4 Bb4 6. e5 Qf7 7. Qf3 Nc6 8. 0-0-0 b6 9. Bc4 Bb7 10. d5 Na5 11. dxe6 dxe6 12. Bb5+ c6 13. Bf1 0-0 14. a3 Be7 15. Qh3 c5 16. f4 Rfd8 17. Be2 Rxd1+ 18. Bxd1 Nc6 19. Bf3 Rd8 20. Nge2 Bf8 21. Rd1 Rxd1+ 22. Kxd1 Qd7+ 23. Kc1 Ba6 24. g4 Nd4 25. gxf5 Nxf5 26. Be4 g6 27. Qf3 Qd8 28. Qh3 b5 29. Bd3 c4 30. Be4 b4 31. axb4 Bxb4 32. Bxf5 gxf5 33. Qg3+ Kf7 34. Qe3 Qe7 35. Qh3 Ke8 36. Nd4 Bb7 37. Qh5+ Kd7 38. Qd1 Bxc3 39. Nxf5+ Bd5 40. Nxe7 1-0

[Event "Brasilia Taca CC XI"]
[Site "Brasilia"]
[Date "2007.08.08"]
[Round "5.3"]
[White "Sales Filho, Espedito Severiano"]
[Black "Lebredo Zaragoitia, Gerardo"]
[Result "1-0"]
[WhiteElo "2057"]
[BlackElo "2254"]
[PlyCount "59"]
[EventDate "2007.08.05"]
[EventType "swiss"]
[EventRounds "10"]
[EventCountry "BRA"]
[SourceTitle "EXT 2022"]
[Source "ChessBase"]
[SourceDate "2021.10.06"]
[SourceVersion "1"]
[SourceVersionDate "2021.10.06"]
[SourceQuality "1"]

1. d4 Nf6 2. Bf4 e6 3. e3 c5 4. c3 b6 5. Bd3 Bb7 6. Nf3 Be7 7. h3 0-0 8. Nbd2 cxd4 9. exd4 d6 10. 0-0 Nbd7 11. Re1 a6 12. a4 Re8 13. Nf1 Bf8 14. Bg5 Qc7 15. Ng3 h6 16. Bd2 e5 17. Bc2 Qc6 18. Be3 Nd5 19. Qd3 N7f6 20. Ne4 Nxe4 21. Qxe4 g6 22. Bd2 Bg7 23. Qh4 Kh7 24. Rad1 f5 25. Bb3 Rad8 26. dxe5 dxe5 27. Nxe5 Rxe5 28. Rxe5 Nxc3 29. f3 Nxd1 30. Qxd8 1-0